000 00353nam a2200109 4500
999 _c9867
_d9867
008 180720b ||||| |||| 00| 0 eng d
245 _aInterventional therapy: helped clear nasopharyngeal cancer in less than 6 months.
260 _aPhilippines
_bPhilippine Daily Inquirer
_cc2016
300 _apage A5.
600 0 _929181
_aTherapeutics.
942 _2ddc
_cPER